| 000 | 00634nam a2200181 a 4500 | ||
|---|---|---|---|
| 005 | 20240911063925.0 | ||
| 008 | 991125s1977 es 000 0 spa u | ||
| 035 | _aUPN01000043772 | ||
| 049 | _aCG | ||
| 050 | 4 |
_aNX600 _aR4 |
|
| 245 | 0 | 3 |
_aEl pasado en el presente : _bel revival en las artes plásticas, la arquitectura, el cine y el teatro / _cGiulio Carlo Argan ... [et al.] ; tr. de Rossend Arqués. |
| 260 |
_aBarcelona, Esp. : _bG. Gili, _c1977. |
||
| 300 |
_a312 p. : _bil. |
||
| 440 | 0 | _aComunicación visual | |
| 650 | 4 |
_aArte renacentista _92618 |
|
| 700 | 1 |
_aArgan, Giulio Carlo, _d1909-1992 _ecoaut. _931314 |
|
| 905 | _aLibro | ||
| 999 |
_c43772 _d43772 |
||